Culture Générale - Série 1660 - Statistiques

Statistiques générales
  • Ce quiz a été pris 99 fois
  • Le résultat moyen est 6 sur 10
Statistiques - réponses
Question Réponse % Correct
Le sigle R.T.T. signifie "réduction du temps de... Le sigle R.T.T. signifie "réduction du temps de... travail
95%
Familièrement, que désigne le mot "frometon" ? fromage
85%
En 1991, quel homme politique africain fut élu à la tête de l'A.N.C., l'African National Congress ? Nelson Mandela
63%
A quel pays appartiennent les îles Galapagos ? Equateur
62%
Quel mot désignant l'absence totale ou partielle de cheveux, signifie "chauve" en latin ? calvitie
61%
De quel groupe de rock du nom d'un État américain, Sharleen Spiteri est-elle la chanteuse ? Texas
56%
Quel pays a pour unité monétaire le nouveau sol ? Pérou
46%
Quel cinéaste (initiales : MF) a réalisé les films "Amadeus" et "Vol au-dessus d'un nid de coucou" ? Milos Forman
41%
De quel pays José Alberto Mujica Cordano, surnommé « Pepe Mujica » a-t-il été le président entre 2010 et 2015 ? Uruguay
33%
Daisy, la compagne de Donald Duck, a trois nièces prénommées Lili, Zizi et... Lulu
7%
Aucun quiz correspondant
Distribution des résultats
% des personnes avec chaque résultat
Percentile par nombre de réponses
Votre historique - résultats
Vous n’avez pas pris ce quiz